Du plus grand au plus petit. (Pays D'Afrique) - Statistiques

Statistiques générales
  • Ce quiz a été pris 352 fois
    345 depuis la dernière actualisation
  • Le résultat moyen est 24 sur 54
Statistiques - réponses
Place Superficie Pays Africain Indices % Correct
1 2 381 740 km² Algérie 6 lettres
95%
2 2 344 860 km² République Démocratique du Congo (nom complet) 29 lettres
93%
3 1 861 484 km² Soudan 6 lettres
77%
4 1 759 540 km² Libye 5 lettres
75%
8 1 240 190 km² Mali 4 lettres
73%
5 1 284 000 km² Tchad 5 lettres
70%
9 1 219 090 km² Afrique du Sud 12 lettres
68%
6 1 267 000 km² Niger 5 lettres
68%
7 1 246 700 km² Angola 6 lettres
63%
11 1 030 700 km² Mauritanie 10 lettres
62%
12 1 001 450 km² Egypte 6 lettres
60%
20 622 980 km² République Centrafricaine (nom complet) 24 lettres
59%
10 1 104 300 km² Ethiopie 8 lettres
56%
15 824 290 km² Namibie 7 lettres
52%
14 923 770 km² Nigéria 7 lettres
51%
54 460 km² Seychelles 10 lettres
48%
13 947 300 km² Tanzanie 8 lettres
48%
21 587 295 km²
Madagascar 10 lettres
47%
16 786 380 km² Mozambique 10 lettres
47%
53 960 km² Sao Tomé-et-Principe (nom complet) 17 lettres
47%
18 644 329 km² Soudan du Sud 11 lettres
47%
25 446 550 km² Maroc 5 lettres
46%
51 2 040 km² Maurice 7 lettres
45%
50 4 030 km² Cap-Vert 7 lettres
44%
52 1 861 km² Comores 7 lettres
44%
27 342 000 km² République du Congo (nom complet) 17 lettres
44%
17 752 610 km² Zambie 6 lettres
42%
19 637 660 km² Somalie 7 lettres
39%
41 56 790 km² Togo 4 lettres
39%
22 581 730 km² Botswana 8 lettres
38%
23 580 370 km² Kenya 5 lettres
38%
44 28 050 km² Guinée-Equatoriale 17 lettres
36%
26 390 760 km² Zimbabwe 8 lettres
36%
38 114 760 km² Bénin 5 lettres
34%
47 23 200 km² Djibouti 8 lettres
34%
48 17 360 km² Eswatini 8 lettres
34%
49 11 300 km² Gambie 6 lettres
34%
46 26 340 km² Rwanda 6 lettres
34%
43 30 360 km² Lesotho 7 lettres
33%
24 475 440 km² Cameroun 8 lettres
32%
45 27 830 km² Burundi 7 lettres
31%
35 163 610 km² Tunisie 7 lettres
31%
28 322 460 km² Côte d'Ivoire 11 lettres
29%
42 36 130 km²
Guinée-Bissau 12 lettres
29%
29 274 220 km² Burkina Faso 11 lettres
27%
30 267 670 km² Gabon 5 lettres
26%
33 238 540 km² Ghana 5 lettres
26%
34 196 710 km² Sénégal 7 lettres
24%
36 118 480 km² Malawi 6 lettres
23%
32 241 550 km² Ouganda 7 lettres
23%
40 72 300 km² Sierra Leone 11 lettres
23%
37 117 600 km² Erythrée 8 lettres
21%
31 245 860 km² Guinée 6 lettres
21%
39 111 370 km² Libéria 6 lettres
18%
Aucun quiz correspondant
Distribution des résultats
% des personnes avec chaque résultat
Percentile par nombre de réponses
Votre historique - résultats
Vous n’avez pas pris ce quiz depuis la dernière actualisation